| 000 | 00811nam a22001695i 4500 | ||
|---|---|---|---|
| 001 | 158087 | ||
| 003 | ES-MaACL | ||
| 005 | 20230906211013.0 | ||
| 008 | 040823s1862 sp |||| | spa d | ||
| 040 |
_aCAM _bspa _cCAM |
||
| 100 | 1 |
_aLópez y Ramírez de Arellano, Eladio. _9129247 |
|
| 245 | 1 | 0 |
_aArdides de amor _b: comedia en tres actos / _cpor Eladio López y Ramírez de Arellano. |
| 260 |
_aMadrid : _b[s.n.], _c1862 ( _fImprenta de M. Tello) |
||
| 300 |
_a35 p. ; _c19 cm. |
||
| 852 |
_aES-MaACL _jD-2492(4) _z-- Enc. hol. _z-- Legado M. de la Fuente _q-- Falto de la cub. original _z-- Enc. en un vol. facticio |
||
| 852 |
_aES-MaACL _jF-8579(9) _z-- Enc. pasta española _q-- Falto de la cub. original _z-- Enc. en un vol. facticio formando parte de la col. faciticia "Teatro español moderno", vol. 32 |
||
| 999 |
_c158087 _d158087 |
||